<?xml version="1.0" encoding="UTF-8"?><?xml-stylesheet type="text/xsl" href="static/style.xsl"?><OAI-PMH xmlns="http://www.openarchives.org/OAI/2.0/" xmlns:xsi="http://www.w3.org/2001/XMLSchema-instance" xsi:schemaLocation="http://www.openarchives.org/OAI/2.0/ http://www.openarchives.org/OAI/2.0/OAI-PMH.xsd"><responseDate>2026-04-30T05:20:49Z</responseDate><request verb="GetRecord" identifier="oai:uvadoc.uva.es:10324/19600" metadataPrefix="marc">https://uvadoc.uva.es/oai/request</request><GetRecord><record><header><identifier>oai:uvadoc.uva.es:10324/19600</identifier><datestamp>2021-06-29T16:23:22Z</datestamp><setSpec>com_10324_38</setSpec><setSpec>col_10324_852</setSpec></header><metadata><record xmlns="http://www.loc.gov/MARC21/slim" xmlns:doc="http://www.lyncode.com/xoai" xmlns:xsi="http://www.w3.org/2001/XMLSchema-instance" xmlns:dcterms="http://purl.org/dc/terms/" xsi:schemaLocation="http://www.loc.gov/MARC21/slim http://www.loc.gov/standards/marcxml/schema/MARC21slim.xsd">
<leader>00925njm 22002777a 4500</leader>
<datafield tag="042" ind1=" " ind2=" ">
<subfield code="a">dc</subfield>
</datafield>
<datafield tag="720" ind1=" " ind2=" ">
<subfield code="a">Diez Galindo, David</subfield>
<subfield code="e">author</subfield>
</datafield>
<datafield tag="260" ind1=" " ind2=" ">
<subfield code="c">2015</subfield>
</datafield>
<datafield tag="520" ind1=" " ind2=" ">
<subfield code="a">A lo largo del desarrollo de este proyecto se va a poder observar una evolución de la valoración que posee el paisaje y la naturaleza como elementos dentro de la&#xd;
pintura, a lo largo de los periodos Muromachi, Momoyama y Edo (Siglos XIV al XIX)&#xd;
en la historia de Japón. Está será una pintura muy vinculada a lo religioso y a lo&#xd;
filosófico, basándose en el sintoísmo y posteriormente en el budismo zen. Esto se debe&#xd;
a que en este país pintura, religión y filosofía (incluso también la poesía) vienen a&#xd;
considerarse lo mismo, por lo que la representación de pintura de paisaje y naturaleza&#xd;
irá aumentando en número hasta llegar a su momento culmen en el periodo Edo, con&#xd;
Hokusai e Hiroshige, donde finaliza esta evolución.</subfield>
</datafield>
<datafield tag="520" ind1=" " ind2=" ">
<subfield code="a">Throughout the development of this project will be able to observe the evolution&#xd;
of the valuation that has the landscape and nature as elements within the painting, along&#xd;
periods Muromachi, Momoyama and Edo (Centuries XIV to XIX) Japanese history. It&#xd;
is bound to be a very religious and philosophical painting, based on Shinto and Zen&#xd;
Buddhism later on. This is because in this country painting, religion and philosophy (or&#xd;
even poetry) comes to be considered the same, so that the representation of landscape&#xd;
painting and nature will increase in number until it reaches its climax in the Edo period&#xd;
with Hokusai and Hiroshige, where this evolution ends.</subfield>
</datafield>
<datafield tag="024" ind2=" " ind1="8">
<subfield code="a">http://uvadoc.uva.es/handle/10324/19600</subfield>
</datafield>
<datafield ind1=" " ind2=" " tag="653">
<subfield code="a">Pintura japonesa</subfield>
</datafield>
<datafield ind1=" " ind2=" " tag="653">
<subfield code="a">Naturaleza (Estética)</subfield>
</datafield>
<datafield ind1=" " ind2=" " tag="653">
<subfield code="a">Paisaje en el arte</subfield>
</datafield>
<datafield tag="245" ind1="0" ind2="0">
<subfield code="a">Memorias de una flor de cerezo: Paisaje y naturaleza en la pintura japonesa</subfield>
</datafield>
</record></metadata></record></GetRecord></OAI-PMH>